FINANCIAL ACCOUNTING (Record no. 82067)

MARC details
000 -LEADER
fixed length control field 00507nam a2200205Ia 4500
003 - CONTROL NUMBER IDENTIFIER
control field OSt
005 - DATE AND TIME OF LATEST TRANSACTION
control field 20260427125157.0
020 ## - INTERNATIONAL STANDARD BOOK NUMBER
International Standard Book Number 0-13-008213-9
040 ## - CATALOGING SOURCE
Transcribing agency LIBRARY OF CONGRESS
050 ## - LIBRARY OF CONGRESS CALL NUMBER
Classification number HF5635.H37 2000
100 ## - MAIN ENTRY--PERSONAL NAME
Personal name HARRISON, WALTER T.
245 #0 - TITLE STATEMENT
Title FINANCIAL ACCOUNTING
250 ## - EDITION STATEMENT
Edition statement 5
260 ## - PUBLICATION, DISTRIBUTION, ETC.
Place of publication, distribution, etc. NEW JERSEY
Name of publisher, distributor, etc. PEARSON EDUCATION, INC,
Date of publication, distribution, etc. 2000
300 ## - PHYSICAL DESCRIPTION
Extent XII,726P.:ILL
500 ## - GENERAL NOTE
General note INCLUDES INDEX
600 ## - SUBJECT ADDED ENTRY--PERSONAL NAME
Personal name FINANCIAL ACCOUNTING
700 ## - ADDED ENTRY--PERSONAL NAME
Personal name HORNGREN, CHARLES T.
942 ## - ADDED ENTRY ELEMENTS (KOHA)
Koha item type Long Loan Book
Source of classification or shelving scheme Library of Congress Classification
Holdings
Withdrawn status Lost status Source of classification or shelving scheme Damaged status Not for loan Collection Home library Current library Shelving location Date acquired Inventory number Total checkouts Full call number Barcode Date last seen Copy number Price effective from Koha item type
    Library of Congress Classification     Business & Economics Kisii University Library Kisii University Library On Display 04/27/2026 88128   HF5635 .H37 2000 004540 04/27/2026 1 04/27/2026 Long Loan Book